000 00788nam a2200229Ia 4500
003 OSt
005 20220923223914.0
006 a|||||r|||| 00| 0
007 ta
008 Pun
024 _a223,157
037 _cTextual
040 _aARTS
_cARTS
_bPun
041 _2Pun
_aPun
082 _aO153,3:g(S)x, P4-;1
100 _aਬੋਪਾਰਾਏ, ਰਜਵਿੰਦਰ ਕੌਰ
245 0 _aਮਨੋਵਿFਲੇFਨਾਤਮਕ ਅਧਿਔਨ ਅਤੇ ਪੰਜਾਲੀ ਲੋਕ ਕਹਾਣੀ
260 _aਅਮ੍ਰਿਤਸਰ
_b ਨਾਨਕ ਸਿੰਘ ਪੁਸਤਕ ਮਾਲਾ
_c2004
300 _a192ਪੰ
_ccm.
942 _hO153,3:g(S)x, P4-;1
_cTEXL
_2CC
999 _c368134
_d368134